Electricity for air conditioning and refrigeration technicians / (Record no. 132625)

MARC details
000 -LEADER
fixed length control field 00760nam a22002297a 4500
005 - DATE AND TIME OF LATEST TRANSACTION
control field 20170124110157.0
010 ## - LIBRARY OF CONGRESS CONTROL NUMBER
LC control number A-216165
020 ## - INTERNATIONAL STANDARD BOOK NUMBER
Terms of availability 00.00
International Standard Book Number 0835916200
035 ## - SYSTEM CONTROL NUMBER
System control number A-216165
037 ## - SOURCE OF ACQUISITION
Source of stock number/acquisition Cen Lib/Ret
040 ## - CATALOGING SOURCE
Original cataloging agency DPL
Language of cataloging EN
082 ## - DEWEY DECIMAL CLASSIFICATION NUMBER
Classification number 621.56
Item number MAH
100 ## - MAIN ENTRY--PERSONAL NAME
Personal name Mahoney, Edward F.
9 (RLIN) 35330
245 ## - TITLE STATEMENT
Title Electricity for air conditioning and refrigeration technicians /
Statement of responsibility, etc by Edward F. Mahoney
260 ## - PUBLICATION, DISTRIBUTION, ETC. (IMPRINT)
Place of publication, distribution, etc Reston
Name of publisher, distributor, etc Reston Publishing
Date of publication, distribution, etc 1980
270 ## - ADDRESS
City Verginia
Postal code 22090
300 ## - PHYSICAL DESCRIPTION
Extent xi,317p. :
Dimensions 21cm(Hb)
Other physical details ill.
500 ## - GENERAL NOTE
General note Includes index
650 ## - SUBJECT ADDED ENTRY--TOPICAL TERM
Topical term or geographic name as entry element Air conditioning -- Electric equipment
9 (RLIN) 35331
650 ## - SUBJECT ADDED ENTRY--TOPICAL TERM
Topical term or geographic name as entry element Refrigeration and refrigerating machinery -- Electric equipment
Form subdivision
9 (RLIN) 35332
942 ## - ADDED ENTRY ELEMENTS (KOHA)
Source of classification or shelving scheme Dewey Decimal Classification
Koha item type English Books
Classification part 621.56
Call number suffix MAH
Holdings
Withdrawn status Lost status Damaged status Not for loan Home library Current library Date acquired Source of acquisition Cost, normal purchase price Total Checkouts Full call number Barcode Date last seen Copy number Cost, replacement price Price effective from Koha item type
        Central Library Central Library 23/07/2015 Cen Lib/Ret 0.00   621.56 MAH A-216165 23/07/2015 1 0.00 23/07/2015 English Books

© Delhi Public Library
Hit Counter
free hit counter